000 00355nam a22001457a 4500
008 230414b ||||| |||| 00| 0 eng d
020 _a9789004359147
041 _aeng
080 _2SERIES EDITION
_a34
082 _a34FRI
100 _a31
101 _aJURED
245 _aWELCOMING RUIN THE CIVIL RIGHTS ACT OF 1875
_cFRIEDLANDER.A
942 _2udc
_cBK
999 _c59561
_d59561